Schaum's outline of theory and problems of discrete mathematics (Record no. 7425)

000 -LEADER
fixed length control field 00894 a2200277 4500
020 ## - INTERNATIONAL STANDARD BOOK NUMBER
International Standard Book Number 0070380457
040 ## - CATALOGING SOURCE
Original cataloging agency Library of Congress
Language of cataloging English
082 00 - DEWEY DECIMAL CLASSIFICATION NUMBER
Classification number 511
100 1# - MAIN ENTRY--PERSONAL NAME
Personal name Lipschutz, Seymour.
245 10 - TITLE STATEMENT
Title Schaum's outline of theory and problems of discrete mathematics
Statement of responsibility, etc. Seymour Lipschutz, Marc Lars Lipson.
246 30 - VARYING FORM OF TITLE
Title proper/short title Theory and problems of discrete mathematics
246 30 - VARYING FORM OF TITLE
Title proper/short title Discrete mathematics
250 ## - EDITION STATEMENT
Edition statement 2nd ed.
260 ## - PUBLICATION, DISTRIBUTION, ETC.
Place of publication, distribution, etc. New York :
Name of publisher, distributor, etc. McGraw-Hill,
Date of publication, distribution, etc. c1997.
300 ## - PHYSICAL DESCRIPTION
Extent ix, 528 p. :
Other physical details ill. ;
Dimensions 28 cm.
490 0# - SERIES STATEMENT
Series statement Schaum's outline series
500 ## - GENERAL NOTE
General note Includes index.
650 #0 - SUBJECT ADDED ENTRY--TOPICAL TERM
Topical term or geographic name entry element Algebra, Abstract
650 #0 - SUBJECT ADDED ENTRY--TOPICAL TERM
Topical term or geographic name entry element Combinatorial analysis
650 #0 - SUBJECT ADDED ENTRY--TOPICAL TERM
Topical term or geographic name entry element Logic, Symbolic and mathematical
650 #0 - SUBJECT ADDED ENTRY--TOPICAL TERM
Topical term or geographic name entry element Algebra, Abstract
650 #0 - SUBJECT ADDED ENTRY--TOPICAL TERM
Topical term or geographic name entry element Combinatorial analysis
650 #0 - SUBJECT ADDED ENTRY--TOPICAL TERM
Topical term or geographic name entry element Logic, Symbolic and mathematical
700 1# - ADDED ENTRY--PERSONAL NAME
Personal name Lipson, Marc.
942 ## - ADDED ENTRY ELEMENTS (KOHA)
Koha item type Book
Call number prefix 511 LIP
Source of classification or shelving scheme
Holdings
Withdrawn status Lost status Damaged status Not for loan Collection code Permanent Location Current Location Shelving location Date acquired Source of acquisition Cost, normal purchase price Total Checkouts Full call number Barcode Date last seen Date last checked out Price effective from Koha item type Total Renewals
          Central Library (CL) Central Library (CL) General Stacks 12/04/2003 Allied Book Company 932.52 2 511 LIP SEECS003997 02/15/2015 09/27/2014 01/05/2017 Book  
          Central Library (CL) Central Library (CL) General Stacks 10/07/2002 Allied Book Company 975.50 6 511 LIP SEECS002552 12/27/2025 12/24/2025 01/05/2017 Book 1
          Central Library (CL) Central Library (CL) General Stacks 11/16/2020 Allied Book Company 963.43 10 511 LIP SEECS003048 05/15/2025 09/30/2024 01/05/2017 Book 11
© 2023 Central Library, National University of Sciences and Technology. All Rights Reserved.